| 000 | 00377nam a22001577a 4500 | ||
|---|---|---|---|
| 999 |
_c533685 _d533685 |
||
| 003 | NUST | ||
| 020 |
_a9780070671201 _qPB. |
||
| 038 | _aFizza Ishaq | ||
| 082 |
_a004 _bNOR |
||
| 100 |
_aNorton, P. _98456 |
||
| 245 |
_aIntroduction to Computers / _cPetor Norton |
||
| 250 | _a7th ed. | ||
| 260 |
_aNew Delhi : _bMcGrew Hill, _c2013. |
||
| 300 | _a622 p. | ||
| 942 |
_2ddc _cTEXT |
||